Introducción a la biopolítica
Enregistré dans:
| Auteur principal: | |
|---|---|
| Format: | Livre |
| Langue: | espagnol |
| Publié: |
Ciudad de México
Fondo de Cultura Económica
2017
|
| Édition: | 1a. ed |
| Collection: | Sociología
|
| Sujets: | |
| Tags: |
Ajouter un tag
Pas de tags, Soyez le premier à ajouter un tag!
|
MARC
| LEADER | 00000cam a2200000 a 4500 | ||
|---|---|---|---|
| 001 | UCC4842 | ||
| 003 | CL-VaPUC | ||
| 008 | 180831e20170000mx |||||||||||||||||spa|d | ||
| 020 | |a 9786071651297 | ||
| 082 | 0 | 4 | |a 320.01 |b LEM |2 21 |
| 100 | 0 | |a Lemke, Thomas |e author |9 599043 | |
| 245 | 1 | 0 | |a Introducción a la biopolítica |
| 250 | |a 1a. ed | ||
| 300 | |a 167 p | ||
| 942 | |c BK | ||
| 945 | |d 20180831 12:04:00 |a dcastane | ||
| 260 | |a Ciudad de México |b Fondo de Cultura Económica |c 2017 | ||
| 650 | 0 | |a Biopolítica |9 555342 | |
| 650 | 7 | |a FILOSOFIA POLITICA |2 CL-VaPUC |9 599044 | |
| 583 | |a last modification |c 20180831 12:04:00 |k Rodrigo Vera | ||
| 490 | 0 | |a Sociología | |
| 999 | |c 372228 |d 372226 | ||
| 952 | |0 0 |1 0 |3 erb |4 0 |6 320_010000000000000_LEM_2017 |7 0 |8 A |9 489537 |a BIBGIM |b BIBGIM |i 5492432 |o 320.01 LEM 2017 |p 5492432 |r 2025-01-15 |w 2019-11-24 |y BK |z Catalogado en:20180831 |k SSL | ||
| 952 | |0 0 |1 0 |3 erb |4 0 |6 320_010000000000000_LEM_2017 |7 0 |8 A |9 489538 |a BIBGIM |b BIBGIM |i 5492424 |l 3 |o 320.01 LEM 2017 |p 5492424 |r 2025-01-15 |s 2023-10-04 |w 2019-11-24 |y BK |z Catalogado en:20180831 |k SSL | ||
| 952 | |0 0 |1 0 |3 erb |4 0 |6 320_010000000000000_LEM_2017 |7 0 |8 A |9 489539 |a BIBGIM |b BIBGIM |i 5492416 |l 2 |o 320.01 LEM 2017 |p 5492416 |r 2025-01-15 |s 2024-07-04 |w 2019-11-24 |y BK |z Catalogado en:20180831 |k SSL | ||
| 952 | |0 0 |1 0 |3 erb |4 0 |6 320_010000000000000_LEM_2017 |7 0 |8 A |9 489540 |a BIBGIM |b BIBGIM |i 5492408 |l 2 |o 320.01 LEM 2017 |p 5492408 |r 2025-01-15 |s 2023-10-10 |w 2019-11-24 |y BK |z Catalogado en:20180831 |k SSL | ||
| 952 | |0 0 |1 0 |3 erb |4 0 |6 320_010000000000000_LEM_2017 |7 0 |8 A |9 489541 |a BIBGIM |b BIBGIM |i 5492394 |o 320.01 LEM 2017 |p 5492394 |r 2025-01-15 |w 2019-11-24 |y BK |z Catalogado en:20180831 |k SSL | ||